00697nam a22002297a 450000500170000001000110001702000210002803500110004903700160006004000120007608200130008810000260010124500410012726000310016827000310019930000210023065000220025165000350027394200220030899900190033095201180034920170124110106.0 a709981 c00.00a856340022 a709981 bCen Lib/Ret aDPLbEN a921bWIL aWilliams, Alan928213 aThe Beria papers /cby Alan Williams aLondonbBlond Briggsc1973 bLondona56, Doughty Street a271p. c21cm(Hb) aPoliticians99392 aSoviet Union -- Fiction928214 2ddccENh921mWIL c130066d130066 00104070aLbLd2015-07-08eCen Lib/Retg0.00l0o921 WILp709981r2015-07-08 00:00:00t1v0.00w2015-07-08yEN